Maxim Gorky collected works in ten volumes Vol.8 The Artamonovs

Tallennettuna:
Bibliografiset tiedot
Aineistotyyppi: Kirja
Kieli:English
Julkaistu: Moscow Progress Publishers 1981
Aiheet:
Tagit: Lisää tagi
Ei tageja, Lisää ensimmäinen tagi!
Thư viện lưu trữ: Trung tâm Học liệu Lê Vũ Hùng, Trường Đại học Đồng Tháp
LEADER 00656pam a22002058a 4500
001 00024434
005 20171026081023.0
008 110719s1981 ||||||engsd
041 0 # |a eng 
082 1 # |a 891.73  |b M100X 
245 0 0 |a Maxim Gorky  |b collected works in ten volumes  |n Vol.8  |p The Artamonovs 
260 # # |a Moscow  |b Progress Publishers  |c 1981 
300 # # |a 335 p.  |c 17 cm. 
650 |a Liên Xô 
650 |a Văn học hiện đại 
650 |a Truyện ngắn 
852 # # |j KD.0008744 
852 # # |b Kho đọc  |j KD.0008744 
910 # # |a Ntuyet  |d 19/07/2011 
980 # # |a Trung tâm Học liệu Lê Vũ Hùng, Trường Đại học Đồng Tháp